| 000 | 00448nam a2200181Ia 4500 | ||
|---|---|---|---|
| 001 | 19332 | ||
| 005 | 20260306172645.0 | ||
| 008 | 260306t2010||||xx |||||||||||||| ||spa|| | ||
| 041 | _aESP | ||
| 082 |
_a658.8342 _bA69B |
||
| 100 |
_aArellano, Rolando _eAUT |
||
| 245 | 0 |
_aAl medio hay sitio: _bel crecimiento social segĂșn los estilos de vida |
|
| 260 | _c2010 | ||
| 300 |
_a _c |
||
| 650 | _aGEN | ||
| 654 | _aCAN | ||
| 942 |
_cLIB _dJUS _fJUS _2ddc _n |
||
| 999 |
_c19332 _d19332 |
||